A course in combinatorics /

Guardado en:
Autor Principal: Lint, Jacobus Hendricus van, 1932-
Otros Autores: Wilson, R. M. 1945-
Formato: Libro
Idioma:English
Publicado: Cambridge, U.K. : Cambridge University Press, 2001.
Edición:2nd ed.
Materias:
Acceso en línea:Sample text
Publisher description
Table of contents
Etiquetas: Agregar Etiqueta
Sin Etiquetas, Sea el primero en etiquetar este registro!
LEADER 01083cam a2200277 a 4500
001 MAT.inmabb005097
008 020211s2001####enka#####b####001#0#eng##
005 20150318183833.0
245 1 2 |a A course in combinatorics /  |c J.H. van Lint and R.M. Wilson. 
250 |a 2nd ed. 
260 |a Cambridge, U.K. :  |b Cambridge University Press,  |c 2001. 
300 |a xiv, 602 p. :  |b il. ;  |c 26 cm. 
504 |a Incluye referencias bibliográficas e índices. 
510 4 |a MR,  |c 2002i:05001 
020 |a 0521803403 
020 |a 0521006015 (pbk.) 
100 1 |a Lint, Jacobus Hendricus van,  |d 1932- 
700 1 |a Wilson, R. M.  |q (Richard Michael),  |d 1945- 
650 0 |a Combinatorial analysis. 
084 |a 05-01 (90B10)  |2 msc2000 
010 |a  2002276170 
040 |a DLC  |c DLC  |d DLC 
856 4 1 |3 Sample text  |u http://www.loc.gov/catdir/samples/cam034/2002276170.html 
856 4 2 |3 Publisher description  |u http://www.loc.gov/catdir/description/cam022/2002276170.html 
856 4 1 |3 Table of contents  |u http://www.loc.gov/catdir/toc/cam026/2002276170.html 
859 |h 05  |i L761-2  |p A-8531  |b BIB. MATEMATICA